Bat Out of Hell - Meat Loaf - Statistics

General Stats
  • This quiz has been taken 18 times
  • The average score is 4 of 7
Answer Stats
Song % Correct
Bat Out of Hell
100%
Paradise by the Dashboard Light
67%
Two Out of Three Ain't Bad
60%
You Took the Words Right Out of My Mouth (Hot Summer Night)
60%
All Revved Up with No Place to Go
53%
For Crying Out Loud
47%
Heaven Can Wait
47%
No matching quizzes found
Score Distribution
Percent of People with Each Score
Percentile by Number Answered
Your Score History
You have not taken this quiz